000 00313nam a22001337a 4500
008 180914b xxu||||| |||| 00| 0 eng d
020 _a9780873529860
041 _aeng
080 _a371
100 _a25
101 _aEDU
245 _aMLA Handbook for Writers of Research Papers
_cGibaldi, J
942 _2udc
_cBK
999 _c47763
_d47763